[Event "Challenge"]
[Site "http://www.queenalice.com/game.php?id=29805"]
[Date "2005.9.21"]
[Round "-"]
[White "pipifer"]
[Black "Biazi"]
[Result "0-1"]
[WhiteElo "1200"]
[BlackElo "1756"]

1. f4 e5 2. e3 exf4 3. exf4 Nf6 4. Qe2+ Be7 5. d4 O-O 6. Be3 Re8 7. Nc3 Bb4 8.
O-O-O d5 9. g4 Bxg4 10. Nf3 Bxc3 11. bxc3 Qe7 12. Kd2 Ne4+ 13. Kd3 Qa3 14. Bd2
Nf2+ 15. Qxf2 Bf5# 0-1

[Event "Challenge"]
[Site "http://www.queenalice.com/game.php?id=30150"]
[Date "2005.9.23"]
[Round "-"]
[White "chaves"]
[Black "Biazi"]
[Result "0-1"]
[WhiteElo "984"]
[BlackElo "1657"]

1. d4 d5 2. e3 Nf6 3. Nc3 c6 4. a4 Nbd7 5. f4 e6 6. Nf3 c5 7. Ne5 cxd4 8. exd4
Bb4 9. Bd2 O-O 10. Bd3 Qb6 11. g4 Qxd4 12. Nf3 Qb6 13. Nb5 Qe3+ 14. Kf1 Bxd2 15.
Qe2 Qxe2+ 16. Kxe2 Bxf4 17. Rad1 Nxg4 18. Rhg1 Nge5 19. Nxe5 Nxe5 20. h4 a6 21.
Nd6 Nxd3 22. Rxd3 Bxd6 23. Rd4 Bc5 24. Rdg4 Bxg1 25. Rxg1 h5 26. Ke3 e5 27. c3
Bg4 28. Kf2 f5 29. b4 Rac8 30. a5 Rxc3 31. b5 axb5 32. Kg2 f4 33. Kh2 Rc2+ 34.
Kh1 Bf3+ 0-1

[Event "Challenge"]
[Site "http://www.queenalice.com/game.php?id=30524"]
[Date "2005.9.27"]
[Round "-"]
[White "Eloisio"]
[Black "Biazi"]
[Result "0-1"]
[WhiteElo "1395"]
[BlackElo "1500"]

1. h3 e5 2. d4 exd4 3. Qxd4 Nc6 4. Qe4+ Be7 5. Bg5 d5 6. Bxe7 Ngxe7 7. Qa4 Bd7
8. e3 O-O 9. Nc3 Re8 10. O-O-O Be6 11. Bb5 a6 12. Bxc6 Nxc6 13. e4 b5 14. Qa3 b4
15. Qa4 bxc3 16. Qxc6 Qg5+ 17. Kb1 Qxg2 18. Ne2 cxb2 19. Kxb2 Qxe4 20. Nd4 Rab8+
21. Kc1 Bxh3 22. Nb3 Bg2 23. Rhe1 Qf4+ 24. Nd2 Be4 25. c4 Rb1# 0-1

[Event "Challenge"]
[Site "http://www.queenalice.com/game.php?id=30827"]
[Date "2005.9.28"]
[Round "-"]
[White "marison"]
[Black "Biazi"]
[Result "0-1"]
[WhiteElo "1433"]
[BlackElo "1598"]

1. e4 e5 2. Nf3 d6 3. Nc3 f5 4. exf5 Bxf5 5. Bc4 Nf6 6. Nd5 Nxd5 7. Bxd5 c6 8.
Bb3 Nd7 9. d3 Be7 10. d4 e4 11. Nd2 d5 12. c4 Nf6 13. cxd5 cxd5 14. O-O O-O 15.
Re1 Bb4 16. a3 Ba5 17. Ba4 Ng4 18. h3 Nxf2 19. Qc2 Nxh3+ 20. gxh3 e3 21. Qd1
Qg5+ 22. Kh2 Bxh3 23. Rg1 Rf2+ 24. Kxh3 Qh6+ 25. Kg3 Qf4+ 26. Kh3 Rh2# 0-1

[Event "Challenge"]
[Site "http://www.queenalice.com/game.php?id=30993"]
[Date "2005.9.30"]
[Round "-"]
[White "Biazi"]
[Black "Mayaune"]
[Result "1-0"]
[WhiteElo "1683"]
[BlackElo "1538"]

1. e4 e5 2. Nf3 d6 3. d4 Bg4 4. dxe5 Nc6 5. Bb5 dxe5 6. Qxd8+ Kxd8 7. Bxc6 bxc6
8. Nxe5 Be6 9. Nxc6+ Kc8 10. O-O Kb7 11. Nd4 Bc4 12. Re1 Bc5 13. Nd2 Ba6 14.
N2b3 Bb6 15. Be3 Nf6 16. a4 Rae8 17. f3 Rd8 18. a5 Rhe8 19. axb6 axb6 20. Ra3 h6
21. Rea1 Ra8 22. Nf5 Rg8 23. Bd4 c5 24. Bxc5 bxc5 25. Nxc5+ 1-0

[Event "Challenge"]
[Site "http://www.queenalice.com/game.php?id=30998"]
[Date "2005.9.30"]
[Round "-"]
[White "Eloisio"]
[Black "Biazi"]
[Result "0-1"]
[WhiteElo "1412"]
[BlackElo "1657"]

1. h3 d5 2. Nc3 d4 3. Ne4 Nc6 4. a3 f5 5. Ng5 e5 6. N5f3 e4 7. Nh2 Nf6 8. e3 Be7
9. d3 O-O 10. dxe4 fxe4 11. Bb5 Qd5 12. Bxc6 Qxc6 13. exd4 Bf5 14. c3 Bd6 15. g3
e3 16. Qf3 exf2+ 17. Kxf2 Be4 18. Qd1 Ng4+ 19. Ke2 Qc4+ 20. Ke1 Bxg3+ 21. Kd2
Qd3# 0-1

[Event "Amistosa 05"]
[Site "http://www.queenalice.com/game.php?id=31181"]
[Date "2005.10.1"]
[Round "-"]
[White "sergiogvh"]
[Black "Biazi"]
[Result "0-1"]
[WhiteElo "1614"]
[BlackElo "1719"]

1. e4 e5 2. f4 exf4 3. Nf3 g5 4. Bc4 Bg7 5. d4 g4 6. O-O gxf3 7. Qxf3 Bxd4+ 8.
Kh1 Qf6 9. Bxf4 Bxb2 10. c3 Nc6 11. e5 Qg7 12. Qh5 Bxa1 13. Be3 Nxe5 14. Bd4 d6
15. Bxe5 Qxe5 16. Bxf7+ Ke7 17. Qh4+ Nf6 18. Bb3 Bxc3 19. Nxc3 Qxc3 20. Re1+ Kd8
21. Rf1 Rf8 22. Qh6 Re8 23. h3 Re1 24. Qf8+ Ne8 0-1

[Event "Marcus vs Biazi"]
[Site "http://www.queenalice.com/game.php?id=49890"]
[Date "2006.1.28"]
[Round "-"]
[White "marcusquaresma"]
[Black "Biazi"]
[Result "0-1"]
[WhiteElo "1829"]
[BlackElo "1756"]

1. e4 c5 2. Nf3 Nc6 3. d4 cxd4 4. Nxd4 e5 5. Nxc6 bxc6 6. c4 Bc5 7. Bd3 Rb8 8.
O-O Nf6 9. b3 Bd4 10. Nc3 Bxc3 11. Rb1 d6 12. Be3 Bd4 13. Bxd4 exd4 14. Be2 c5
15. Bf3 Bb7 16. b4 O-O 17. bxc5 dxc5 18. Rxb7 Rxb7 19. e5 Rb2 20. exf6 Qxf6 21.
Qa4 d3 22. Qxa7 Qd4 23. Bd5 d2 24. Rd1 Rb1 25. Qa4 Rxd1+ 26. Qxd1 Re8 27. Bxf7+
Kxf7 28. Qh5+ g6 29. Qf3+ Kg7 0-1

[Event "Outra partida!"]
[Site "http://www.queenalice.com/game.php?id=59942"]
[Date "2006.3.27"]
[Round "-"]
[White "Biazi"]
[Black "marcusquaresma"]
[Result "1-0"]
[WhiteElo "1832"]
[BlackElo "1862"]

1. e4 e5 2. Nf3 Nc6 3. Bc4 Bc5 4. b4 Bxb4 5. c3 Bc5 6. d4 exd4 7. cxd4 Bb4+ 8.
Bd2 Bxd2+ 9. Qxd2 d6 10. O-O Nf6 11. Nc3 O-O 12. Qf4 Be6 13. d5 Na5 14. dxe6
Nxc4 15. Ng5 Ne5 16. exf7+ Nxf7 17. Ne6 Qe7 18. Nxf8 Rxf8 19. Qe3 Ng4 20. Nd5
Qe5 21. Qg3 Qxe4 22. Nxc7 Nfe5 23. Rad1 Qe2 24. Rxd6 Nxf2 25. Qxf2 Rxf2 26. Rd8+
Kf7 27. Rxf2+ Nf3+ 28. Rxf3+ Kg6 29. Rd6+ Kh5 30. Nd5 Qd1+ 31. Rf1 Qd4+ 32. Kh1
Qc4 33. Rf5+ g5 34. g4+ Qxg4 35. Nf6+ 1-0

[Event "Challenge"]
[Site "http://www.queenalice.com/game.php?id=66484"]
[Date "2006.5.2"]
[Round "-"]
[White "adrianabarros123"]
[Black "Biazi"]
[Result "0-1"]
[WhiteElo "1720"]
[BlackElo "1803"]

1. e4 e5 2. Nf3 Nc6 3. Bb5 Nf6 4. d4 Nxd4 5. Nxd4 c6 6. Nxc6 bxc6 7. Bd3 Bc5 8.
O-O d6 9. h3 g5 10. Be3 Bxe3 11. fxe3 g4 12. h4 Nh5 13. Qe1 g3 14. Nd2 Bg4 15.
Nf3 Bxf3 16. Rxf3 Qxh4 17. Rf5 Ng7 18. Qc3 Qh2+ 19. Kf1 Qh1+ 20. Ke2 Qxg2+ 21.
Kd1 Nxf5 22. exf5 h5 23. e4 Qf3+ 24. Kd2 Qf4+ 25. Kd1 Rc8 0-1

[Event "Terceira partida!"]
[Site "http://www.queenalice.com/game.php?id=82769"]
[Date "2006.7.5"]
[Round "-"]
[White "marcusquaresma"]
[Black "Biazi"]
[Result "0-1"]
[WhiteElo "1893"]
[BlackElo "1868"]

1. e4 c5 2. Nf3 d6 3. d4 cxd4 4. Nxd4 Nf6 5. Nc3 g6 6. Be3 Bg7 7. f3 O-O 8. Qd2
Nc6 9. Bc4 Bd7 10. O-O-O Rc8 11. Bb3 Ne5 12. h4 Nc4 13. Qd3 Nxe3 14. Qxe3 Qb6
15. Rd3 e5 16. Nde2 Qxe3+ 17. Rxe3 Bh6 18. f4 exf4 19. Rf3 Bg4 20. Rf2 f3+ 21.
Kb1 fxe2 22. Rxf6 Rxc3 0-1